Teología del signo sacramental

Guardado en:
Detalles Bibliográficos
Autor principal: Nicolau, Miguel (autor)
Formato: Libro
Lenguaje:español
Publicado: Madrid Biblioteca de Autores Cristianos 1969
Colección:Biblioteca de Autores Cristianos
Materias:
Etiquetas: Agregar Etiqueta
Sin Etiquetas, Sea el primero en etiquetar este registro!

MARC

LEADER 00000nam a2200000 a 4500
001 UCL6202
003 CL-VaPUC
008 040402e19690000SP |||||||||||||||||spa|d
082 0 4 |a 234.16  |b NIC  |2 21 
100 |a Nicolau, Miguel  |e autor  |9 583101 
245 1 0 |a Teología del signo sacramental 
300 |a 452 p 
942 |c BK 
945 |d 20040402 00:00:00  |a vberengu 
260 |a Madrid  |b Biblioteca de Autores Cristianos  |c 1969 
650 0 |a Sacramentos   |9 257270 
583 |a last modification  |c 20040402 00:00:00  |k Rodrigo Vera 
490 0 |a Biblioteca de Autores Cristianos 
999 |c 308381  |d 308379 
952 |0 0  |1 0  |4 0  |6 234_160000000000000_NIC_1969  |7 0  |8 A  |9 374888  |a BIBTEO  |b BIBTEO  |d 2019-11-21  |i 210766K  |o 234.16 NIC 1969  |p 210766K  |r 2025-01-17  |w 2019-11-21  |y BK  |k ICR